| 000 | 00723nam a22002177a 4500 | ||
|---|---|---|---|
| 005 | 20170124110016.0 | ||
| 010 | _aA-574279 | ||
| 020 |
_c60.00 _a8185527008 |
||
| 035 | _aA-574279 | ||
| 037 | _bCen Lib/Ret | ||
| 040 |
_aDPL _bEN |
||
| 082 |
_a338.4 _bGUP |
||
| 100 |
_aGupta, Vinod _918744 |
||
| 245 |
_aTata Birla Dalmia ? add your name here : _cby Vinod Gupta _bstart your own industry / |
||
| 260 |
_aNew Delhi _bKat Industrial Consultants |
||
| 270 |
_aWorld Trade Centre, (38, Gr. Floor) Barakhamba Lane, Connaught Place _bNew Delhi _e110001 |
||
| 300 |
_a156p. : _c21cm(Hb) _bill |
||
| 650 |
_aEntrepreneur _918745 |
||
| 650 |
_aManufacturing industries _918746 |
||
| 942 |
_2ddc _cEN _h338.4 _mGUP |
||
| 999 |
_c126874 _d126874 |
||